000 00910nac a22002657a 4500
001 BR8105575
003 BR-BrBNA
005 20240105115050.0
008 230509b bl.|||m| |||| 00| 0 por d
040 _aBR-BrBNA
_bpor
_cBiblioteca Nacional de Agricultura
072 _aF00
090 _a1123 BR8105575
100 1 _aPaiva, A.B. de
110 1 _aEmpresa de Assistencia Tecnica e Extensao Rural do Ceara, Ubajara (Brasil). Escritorio Regional de Ubajara
_94005
245 1 _aCultura do maracuja [Passiflora spp., pratica cultural]
260 3 _aUbajara, CE (Brasil):
_c1981.
300 _a18 p.
490 _aResumo Tecnico - Empresa de Assistencia Tecnica e Extensao Rural do Ceara (Brazil)
_vno. 1
_x
650 _aMARACUJA
650 _aPRAGA DE PLANTA
650 _aDOENCA DE PLANTA
650 _aPRATICA CULTURAL
909 _a202312
_bLúcia Elande
_c55
_dLúcia Elande
942 _2AGRIS
_n0
_cMS
999 _c272852
_d272852